| 000 | 00354 a2200169 4500 | ||
|---|---|---|---|
| 001 | 68196 | ||
| 020 | _a85-16-08454-7 | ||
| 040 | _cAnchieta - Pituba | ||
| 100 | _aVieira, Isabel | ||
| 240 | 1 | 0 |
_aE agora, mãe? _lpor |
| 245 | 1 | 0 | _aE agora, mãe? |
| 300 | _a142 | ||
| 362 | 0 | _a2013 | |
| 440 | 1 | _aModerna | |
| 650 | 4 | _aLiteratura juvenil | |
| 942 | _cBK | ||
| 999 |
_c68196 _d68196 |
||